| 000 | 00789cam a2200313 4500 | ||
|---|---|---|---|
| 001 | J60422 | ||
| 008 | 000000n2000 000 0 eng u | ||
| 035 | _a(Sirsi) u104578 | ||
| 041 | _aeng | ||
| 050 | _a333.337091 | ||
| 110 |
_aCB Hillier Parker _93660 |
||
| 245 | _aGlobal market rents. - January & July 2000 | ||
| 260 |
_bCB Hillier Parker _c2000 |
||
| 300 | _a ; 30cm. | ||
| 350 | _a0 | ||
| 650 | _aAFRICA | ||
| 650 | _aASIA PACIFIC | ||
| 650 | _aCANADA | ||
| 650 | _aCARIBBEAN | ||
| 650 | _aEUROPE | ||
| 650 | _aLATIN AMERICA | ||
| 650 | _aMIDDLE EAST | ||
| 650 | _aOCCUPANCY COSTS | ||
| 650 | _aPROPERTY-COMMERCIAL PROPERTY-OFFICE PROPERTY-OFFICE PROPERTY MARKET | ||
| 650 | _aOFFICE RENTS | ||
| 650 | _aOFFICES | ||
| 650 | _aUNITED STATES | ||
| 942 | _n0 | ||
| 999 |
_c100263 _d100263 |
||